000 01204nam a2200277 a 4500
999 _c491252
_d491252
003 BLK
005 20230913094242.0
008 220311b bul|||||r ||||||| ||bul||
040 _aBLK
041 _aBUL
_cBUL
080 _aСимфоничен оркестър
_b785.11
_x(497.215)(062)
_z785.11(497.215)(062)
110 _9471328
_aРусенска филхармония
139 _bР 95
245 1 0 _aЗимни музикални вечери
_b28 януари - 25 февруари : посветени на творчеството на великия руски композитор П. И. Чайковски
_h[Малотир. изд.]
260 _aРусе
_bб. и.
_c1972
_9441842
300 _a4 с.
_c20 см
380 _a7
500 _aДиригент: Емил Главанаков; Солист: Богдана Пенева Дом на културата, 4 февр. 1972 г., 19.30 ч.
653 7 _9195856
_aРусенска филхармония
653 7 _9189133
_aконцерти
653 7 _9196608
_aсимфонични оркестри
852 _bК
_cК 78/Р 95
856 _i0.00
_ldisable
942 _cKNG
_n0
_s1
_01
944 _aCR
_c2023-05-09
_k30558
_lВаля Йорданова